[Event "HUN-chT2 Barcza 1819"]
[Site "Hungary"]
[Date "2018.12.02"]
[Round "5.8"]
[White "Balogh, Akos1111"]
[Black "Urban, Balazs"]
[Result "1-0"]
[WhiteElo "2009"]
[BlackElo "1720"]
[PlyCount "71"]
[EventDate "2018.09.23"]
[EventType "team-tourn"]
[EventRounds "11"]
[EventCountry "HUN"]
[SourceTitle "CBM 189 Extra"]
[Source "ChessBase"]
[SourceDate "2019.06.03"]
[SourceVersion "1"]
[SourceVersionDate "2019.06.03"]
[SourceQuality "1"]
[WhiteTeam "Debrecen Sakkiskola"]
[BlackTeam "Kazincbarcika"]
[WhiteTeamCountry "HUN"]
[BlackTeamCountry "HUN"]

1. d4 d5 2. c4 c6 3. cxd5 cxd5 4. Bf4 e6 5. Nc3 a6 6. e3 Bd6 7. Bxd6 Qxd6 8. Bd3 Nf6 9. f4 b5 10. a3 Nc6 11. Nf3 0-0 12. Ne5 g6 13. h4 Na5 14. g4 Nd7 15. g5 Nc4 16. Qe2 f5 17. h5 Ndxe5 18. dxe5 Qb6 19. hxg6 Ra7 20. Bxc4 dxc4 21. gxh7+ Rxh7 22. Rxh7 Kxh7 23. 0-0-0 Kg7 24. Kb1 Rh8 25. Qd2 Kf7 26. e4 Kg6 27. exf5+ Kxf5 28. Qc2+ Kg4 29. Qe2+ Kf5 30. Qe4+ Kg4 31. f5+ Kxg5 32. Rf1 Rh4 33. Qg2+ Rg4 34. Ne4+ Kh6 35. Qxg4 exf5 36. Rh1# 1-0